Learning the ways of things/ (Record no. 192000)

MARC details
000 -LEADER
fixed length control field 00523nam a22001817a 4500
005 - DATE AND TIME OF LATEST TRANSACTION
control field 20220908153542.0
010 ## - LCCN (DPL NO)
LC control number ENG-134974
020 ## - INTERNATIONAL STANDARD BOOK NUMBER
International Standard Book Number 978-93-80153-95-7
Terms of availability 140.00
035 ## - SYSTEM CONTROL NUMBER
System control number EN-118506
037 ## - SOURCE OF ACQUISITION
Source of stock number/acquisition DBAD/PUB
082 ## - DEWEY DECIMAL CLASSIFICATION NUMBER
Classification number 500
100 ## - MAIN ENTRY--PERSONAL NAME
Personal name M.G. Jackson
245 ## - TITLE STATEMENT
Title Learning the ways of things/
Statement of responsibility, etc M.G. Jackson
260 ## - PUBLICATION, DISTRIBUTION, ETC. (IMPRINT)
Place of publication, distribution, etc Secunderabad
Name of publisher, distributor, etc Permanent Green
Date of publication, distribution, etc 2013
270 ## - ADDRESS
Address 12-13-439, Street no.1, Tarnaka
City Secunderabad
Postal code 500017
300 ## - PHYSICAL DESCRIPTION
Extent 190p.
Dimensions 21cm(pb)
942 ## - ADDED ENTRY ELEMENTS (KOHA)
Source of classification or shelving scheme Dewey Decimal Classification
Item type English Books
Classification part 500
Call number suffix JAC
Holdings
Withdrawn status Lost status Not for loan Collection code Home library Current library Date acquired Source of acquisition Cost, normal purchase price Full call number Barcode Copy number Cost, replacement price Koha item type
      Non-fiction Shahdara Branch Shahdara Branch 08/09/2022 DBAD/PUB 140.00 500 JAC EN-118506 1 140.00 English Books

© Delhi Public Library
Hit Counter
free hit counter